| 000 | 00363 a2200145 4500 | ||
|---|---|---|---|
| 001 | 66557 | ||
| 082 | _a620.1 MER | ||
| 090 |
_c38552 _d38552 |
||
| 100 | _aMeriam, J.L | ||
| 245 | _aEngineering Mechanics : Dynamics, 5th Ed. Vol-2 | ||
| 250 | _a5 | ||
| 260 |
_aSungapore _bJohn Wiley and Sons _c2003 |
||
| 300 | _axxi, 705 p | ||
| 500 | _aBE textbook Aerospace | ||
| 942 |
_aNUST-CAE _k620.1 MER |
||
| 999 |
_c301630 _d301630 |
||